01796nas a2200241Ia 4500001001100000003001000011008004100021040002500062041001300087100002200100210002000122222002000142245010700162250001100269260004900280300002800329310001200357362003500369500050900404501011400913520050901027650001801536R050-R1490IT-CnALBA170116c99999999xx |||||||||||| ||und|| aIT-CnALBAcIT-CnALBA aITALIANO aLA FERLA MAURIZIO aREADER'S DIGEST aREADER'S DIGEST 0aSELEZIONE DAL READER'S DIGEST. MARZO 1994. ANNO XLVI. PAGINE SCELTE SEMPRE ATTUALI FORMATO TASCABILE.  a1a ed. aMILANObSELEZIONE DAL READER'S DIGEST c1994 a160 p. (prefazione: 16) aMENSILE aFascicolo: 3 / Anno: 46 (1994) aRAGAZZI VITTIME DI INCIDENTI STRADALI. LIBERTÀ D'ESPRESSIONE O LICENZA D'OFFESA. SEGRETI DEL LINGUAGGIO NON VERBALE. SITUAZIONE SOCIALE DELLA DONNA NELL'ISLAM. LAERDAL, NOME SALVAVITA, RIANIMAZIONE. SBARCO IN NORMANDIA, MEMORIALE DELLA PACE. BALTASAR GARZON TERRORE DELLA MALAVITA. LENIN RESTAURATO. CIBI ANTICANCRO. DRAMMI VISSUTI, SOLA CONTRO IL PURA. REPORTAGE, TESORO DEL SIGNORE DI SIPAN. TANENHAUS S. KIENER R. KREISLER VON K. LYNDON N. FESTA DEL PAPA'. IN CERCA DI SOPHIE, LUNGA STORIA D'AMORE.  aSocietà San Paolo EM - Piazza San Paolo, 14 - 12051 ALBA (CN) (non commercial uses only) ® Copyright 2017 aRAGAZZI VITTIME DI INCIDENTI STRADALI. LIBERTÀ D'ESPRESSIONE O LICENZA D'OFFESA. SEGRETI DEL LINGUAGGIO NON VERBALE. SITUAZIONE SOCIALE DELLA DONNA NELL'ISLAM. LAERDAL, NOME SALVAVITA, RIANIMAZIONE. SBARCO IN NORMANDIA, MEMORIALE DELLA PACE. BALTASAR GARZON TERRORE DELLA MALAVITA. LENIN RESTAURATO. CIBI ANTICANCRO. DRAMMI VISSUTI, SOLA CONTRO IL PURA. REPORTAGE, TESORO DEL SIGNORE DI SIPAN. TANENHAUS S. KIENER R. KREISLER VON K. LYNDON N. FESTA DEL PAPA'. IN CERCA DI SOPHIE, LUNGA STORIA D'AMORE.  aRIVISTE VARIE